000 00475nam a2200181Ia 4500
001 3557
005 20260306145652.0
008 260306t2010||||xx |||||||||||||| ||spa||
041 _aESP
082 _a289.07
_bC78
100 _aCorominas, José María
_eAUT
245 0 _aConocer tus creencias:
_bresponsabilidad de todo padre con hijos adolescentes
260 _c2010
300 _a277 páginas :
_c19 cm.
650 _aGEN
654 _aCHU
942 _cLIB
_dJUS
_fJUS
_2ddc
_n
999 _c3557
_d3557